Statistics for Argentina World Cup 2014 squad

Click here to take the quiz!

General Stats

  • This quiz has been taken 908 times
    (873 since last reset)
  • The average score is 14 of 24

Answer Stats

% Correct
FWLionel MessiBarcelona
98%
FWAngel Di MariaReal Madrid
92%
FWSergio AgüeroManchester City
92%
FWGonzalo HiguainNapoli
91%
MDJavier MascheranoBarcelona
85%
GKSergio RomeroAS Monaco
85%
FWEzequiel LavezziPSG
78%
DFPablo ZabaletaManchester City
75%
DFMartin DemichelisManchester City
63%
DFMarcos RojoSporting Lisbon
61%
FWRodrigo PalacioInter Milan
60%
MDLucas BigliaLazio Roma
53%
DFEzequiel GarayBenfica
52%
MDMaxi RodriguezNewell's Old Boys
45%
MDEnzo PerezBenfica
44%
COACHAlejandro Sabella/
41%
MDAugusto FernandezCelta Vigo
40%
DFFederico FernandezNapoli
39%
MDFernando GagoBoca Juniors
39%
GKAgustin OrionBoca Juniors
31%
GKMariano AndujarCatania
31%
DFHugo CampagnaroInter Milan
29%
MDRicky AlvarezInter Milan
26%
DFJosé BasantaMonterrey
24%

Score Distribution

Percentile by Number Answered

Percent of People with Each Score

Your Score History

You have not taken this quiz since the last reset